01891 2200361 4500001002100000005001500021035002000036007000300056008004100059020002200100082000800122084001400130100002800144245023500172250001700407300003800424650003800462650003400500650003400534650003700568700002800605700002600633700003000659700003000689700002300719700002700742520063800769264003901407336002101446337003001467338002301497990000901520INLIS00000000000300320260406082341 a0010-0426000017ta260406 g 0 ind  a978-979-3535-32-6 a920 a920 DOD m0 aDody HidayatePengarang1 aMUATAN LOKAL ENSIKLOPEDIA PENGETAHUAN POPULER :bJilid 6: Mengenal Tokoh-tokoh Indonesia dan Pelajar Berprestasi /cDody Hidayat, Iman Firdaus, Y. Priatna ; penyunting, Johan Aguston, Ratna Hartini, Tim LA ; ilustrator, Edy Sutiko aCetakan 2017 a675 halaman :bilustrasi ;c30 cm 4aBiografi tokoh nasional Indonesia 4aPahlawan dan tokoh inspiratif 4aPelajar berprestasi Indonesia 4aPendidikan karakter dan motivasi0 aIman FirdausePengarang0 aY. PriatnaePengarang0 aJohan AgustonePenyunting0 aRatna HartiniePenyunting0 aTim LAePenyunting0 aEdy SutikoePenyunting aJilid keenam ini berbeda dari jilid 1–5 yang bersifat alfabetis. Fokus utamanya adalah: • Tokoh-tokoh Indonesia: pahlawan nasional, tokoh pendidikan, kebudayaan, politik, dan sains yang berperan penting dalam sejarah bangsa. • Pelajar berprestasi: profil siswa-siswi unggulan Indonesia yang berhasil menorehkan prestasi akademik maupun non-akademik di tingkat nasional dan internasional. • Disusun dengan gaya populer, ringkas, dan visual, sehingga mudah dipahami oleh pelajar. • Tujuan utama: memberikan teladan dan motivasi bagi generasi muda untuk meneladani tokoh bangsa dan berprestasi di bidang masing-masing. aJakarta :bPT LENTERA ABADI,c2017 2rdacontentateks 2rdamediaatanpa perantara 2rdacarrieravolume a7586